00776nam a22002297a 450000500170000001000130001702000250003003500130005503700160006804000120008408200160009610000250011224500710013726000310020827000490023930000310028865000290031965000280034894200250037699900190040195201260042020170124110156.0 aB-228006 c00.00a9798189654046 aB-228006 bCen Lib/Ret aDPLbEN a070.44bSHA aSharma, Mukul924916 aNo borders : cby Mukul Sharmabjourneys of an Indian journalist / aDelhibDaanish Booksc2006 aB-802, Taj Apartments GazipurbDelhie110096 ax, 248p. :c22cm(Hb)bill. aProtest movements935010 aSocial movements935011 2ddccENh070.44mSHA c132532d132532 00104070aLbLd2015-07-22eCen Lib/Ret g0.00l0o070.44 SHApB-228006r2015-07-22 00:00:00t1v0.00w2015-07-22yEN